Vplyv prevýšenia vozovky na tvorbu emisií CO2

Závislosť medzi výškou emisií a zmenou prevýšenia vozovky na základe prístupu zahraničných autorov. Následne autori analyzovali dva spôsoby stanovenia výšky emisií, ktoré možno použiť na výpočet ich výšky bez reálnych meraní pomocou vzťahov výšky emisií a prevýšenia vozovky. Uvedený prístup bol apli...

Celý popis

Uložené v:
Podrobná bibliografia
Hlavný autor: Pekár, Juraj, 1972-
Ďalší autori: Čičková, Zuzana, 1978-
Médium: Kapitola
Jazyk:Slovak
Predmet:
Tagy: Pridať tag
Žiadne tagy, Buďte prvý, kto otaguje tento záznam!

MARC

LEADER 00000nla a2200000 4500
001 0224697
005 20240502083559.8
041 0 |a slo 
044 |a CZ 
245 1 0 |a Vplyv prevýšenia vozovky na tvorbu emisií CO2  |c Juraj Pekár, Zuzana Čičková 
520 |a Závislosť medzi výškou emisií a zmenou prevýšenia vozovky na základe prístupu zahraničných autorov. Následne autori analyzovali dva spôsoby stanovenia výšky emisií, ktoré možno použiť na výpočet ich výšky bez reálnych meraní pomocou vzťahov výšky emisií a prevýšenia vozovky. Uvedený prístup bol aplikovaný pre Trnavský región. 
610 2 0 |a doprava cestná 
610 2 0 |a emisie 
610 2 0 |a Slovensko 
100 1 |a Pekár, Juraj, 1972- 
700 1 |a Čičková, Zuzana, 1978-